000 03891nab a2200325 i 4500
003 BR-BrBNA
005 20251022151140.0
008 251022b2018 bl.|r|pooa||| 00| 0 eng |
040 _aBR-BrBNA
_beng
072 _aF06
_b0716
072 _aP33
100 _aMonteiro, Alex Becker
100 _a Reisser Júnior, Carlos
100 _aRomano, Luciano Recart
100 _aTimm, Luís Carlos
100 _aToebe, Marcos
245 _aWater potential in peach branches as a function of soil water storage and evaporative demand of the atmosphere
500 _aPublicação online; 37 ref.; 3 illus.; Summaries (En, Pt)
520 _a Abstract- The use of water potential indicators in the plant has been adopted in irrigation management, in recent years, since it is accepted that the plant is the best indicator of its own water status. The objective of this study was to verify the relationship between water potential in peach tree branches and the evaporative demand of the atmosphere and the water availability in two textural classes of an Aquertic Hapludalf soil, aiming to adopt irrigation management strategies based on the water potential in the plant. Research was carried out in a commercial peach orchard, cv. Esmeralda, in the municipality of Morro Redondo-Rio Grande do Sul state, Brazil. Four peach tree rows were evaluated, being two irrigated and two non irrigated. The irrigation management was based on the replacement of the potential crop evapotranspiration. It was concluded that the water potential in the peach tree branch is positively related with the evaporative demand of the atmosphere and negatively related with soil water storage. Future studies should adopt irrigation management strategies for peach trees based on the water potential mainly for the irrigation management of post-harvest peach trees. Index terms: Prunus persica (L.), water status, evapotranspiration, soil water content, irrigation management
520 _a Resumo- A utilização de indicadores do potencial de água na planta tem sido adotada no manejo da irrigação ao longo dos últimos anos, pois é admitido que a planta seja o melhor indicador de seu próprio estado hídrico. O objetivo do presente trabalho foi verificar a relação do potencial da água nos ramos do pessegueiro com a demanda evaporativa da atmosfera e com a disponibilidade de água em duas classes texturais de um Argissolo Bruno-Acinzentado, visando à adoção de estratégias de manejo da irrigação em pessegueiros, baseada no potencial de água na planta, em um pomar comercial de pessegueiro, cv. Esmeralda, no município de Morro Redondo-Rio Grande do Sul Foram avaliadas plantas em quatro linhas de pessegueiro, sendo duas irrigadas e duas não irrigadas. O manejo da irrigação foi baseado na reposição da evapotranspiração potencial da cultura. Concluiu-se que o potencial de água no ramo do pessegueiro apresenta uma relação direta com a demanda evaporativa até o final da colheita dos frutos e uma relação inversa com o armazenamento de água no solo. Futuros estudos devem ser realizados, baseados no manejo da irrigação por meio do potencial de água na planta de pessegueiro principalmente, na pós-colheita. Termos para indexação: Prunus persica (L.), estado hídrico, evapotranspiração, conteúdo de água no solo, manejo da irrigação
650 _aPÊSSEGO
650 _aIRRIGAÇÃO
650 _aMANEJO
650 _aRELAÇÃO SOLO-ÁGUA
650 _aEVAPOTRANSPIRAÇÃO
773 0 _0805
_9317032
_dJaboticabal-SP Sociedade Brasileira de Fruticultura 1978
_o2024-3594
_tRevista Brasileira de Fruticultura (Brazil)
_x0100-2945
_gv. 40(1) p. 1-9; (2018)
_wBR2025004277
856 _uhttps://www.scielo.br/j/rbf/a/Nb5vRfg3PFNLNHbKBqWvzmg/?format=pdf&lang=en
942 _cANA
999 _c338762
_d338762